Animals - Statistics

General Stats
  • This quiz has been taken 25 times
  • The average score is 48 of 138
Answer Stats
Picture Hint Answer % Correct
Donkey
100%
Crab
88%
Dog
88%
Elephant
88%
Giraffe
88%
Horse
81%
Yes, these are animals Coral
75%
No Spots Leopard
75%
Lobster
75%
Australia Dog Dingo
63%
King Cobra
63%
Centipede
56%
Mr. Krabs Daughter Is One Sperm Whale
56%
They Carry Babies Stork
56%
Most Biggest Snake! Anaconda
50%
Most Largest Animal Blue Whale
50%
Only Females Drink Blood! Mosquito
50%
Hybrid Animal Mule
50%
Panda
50%
Red Fox
50%
Alligator
44%
Bee
44%
Often Called 'Buffalo' Bison
44%
Camel
44%
Chameleon
44%
Nemo fish Clownfish
44%
Crocodile
44%
Crow
44%
Deer
44%
Dragonfly
44%
Australia National Bird Emu
44%
Goat
44%
Gorilla
44%
Hippo
44%
Spots Jaguar
44%
Kangaroo
44%
Koala
44%
Lion
44%
Which one? Llama
44%
Not the Same Manta Ray
44%
Monarch
44%
Moose
44%
Octopus
44%
Orangutan
44%
They Don't Really Stick Their Heads Underground Ostrich
44%
Pig
44%
Raccoon
44%
'Nevermore' Raven
44%
Sea Turtle
44%
Killer Bird Secretary
44%
Squid
44%
Starfish
44%
Tiger
44%
They Drink Blood Vampire Bat
44%
Wasp
44%
Axolotl
38%
Baboon
38%
Boar
38%
Capybara
38%
Cheetah
38%
Chimpanzee
38%
Cougar
38%
Coyote
38%
Ferret
38%
Grizzly Bear
38%
Guinea Pig
38%
Iguana
38%
Magpie
38%
Millipede
38%
Pelican
38%
Ram/Sheep
38%
Red Panda
38%
Coyote's Nemesis Road Runner
38%
Steve Irwin Died By This! Stingray
38%
They Eat Wood! Termite
38%
Water Buffalo
38%
Their Bites Hurt! Alligator Snapping Turtle
31%
They Gnaw Wood Beaver
31%
Blue Jay
31%
Moth
31%
Rhinoceros
31%
Sea Lion
31%
Swordfish
31%
Yak
31%
Albatross
25%
Long Middle Finger! Aye-Aye
25%
Blue Footed Booby
25%
Chinchilla
25%
Elephant Seal
25%
Flea
25%
Great Horned Owl
25%
Hamster
25%
Howler Monkey
25%
Mandrill
25%
Peafowl
25%
Persian
25%
Red Eyed Tree Frog
25%
South American Ostriches Rhea
25%
Serval
25%
What Breed? Siamese
25%
Sloth Bear
25%
They Can Survive In Space! Tardigrade
25%
They Poop Cubes! Wombat
25%
Dory Blue Tang
19%
No this Isn't A Croc or a Gator Caiman
19%
Caracal
19%
Flying Fox
19%
Gerbil
19%
Gharial
19%
Newt
19%
I Like To Move It Move It! Ring-Tailed Lemur
19%
Spider Monkey
19%
Tick
19%
Indri
13%
Most Venomous Snake! Inland Taipan
13%
Japanese Macaque
13%
Leopard Seal
13%
Mite
13%
Norwegian Forest
13%
Look At That Smile! Quokka
13%
Aren't They Cute? Sand Cat
13%
Sun Bear
13%
These Lizards Puff Up Anole
6%
Canada Goose
6%
Great Blue Herring
6%
Great Cormorant
6%
Gull
6%
Look How Cute! Harp Seal
6%
Highland Cattle
6%
Mandarin
6%
So Adorable Mouse Lemur
6%
Northern Gannet
6%
Oriole
6%
Another Lemur Sifaka
6%
Venomous Primate Slow Loris
6%
Tiger Salamander
6%
Zooplankton
6%
Cornish Rex
0%
No matching quizzes found
Score Distribution
Percent of People with Each Score
Percentile by Number Answered
Your Score History
You have not taken this quiz